Statistics for Countries and Territories by Inflation Rate

Click here to take the quiz!

General Stats

  • This quiz has been taken 12 times
  • The average score is 31 of 184

Answer Stats

Inflation RateAnswers% Correct
156%VVenezuela
100%
88%ZZimbabwe
89%
51%TTurkey
78%
104%AArgentina
67%
49%HHaiti
67%
53%IIran
44%
139%SSyria
44%
10%U...United Kingdom
44%
45%GGhana
33%
190%LLebanon
33%
50%S...Sri Lanka
33%
63%SSudan
33%
58%SSuriname
33%
4%AAfghanistan
22%
5%AAlbania
22%
10%AAlgeria
22%
5%AArmenia
22%
8%AAustralia
22%
9%AAustria
22%
14%AAzerbaijan
22%
13%B...Bosnia and Herzegovina
22%
14%BBulgaria
22%
6%C...Cape Verde
22%
5%C...Central African Republic
22%
45%CCuba
22%
16%D/C...Democratic Republic of the Congo
22%
7%DDenmark
22%
4%DDjibouti
22%
6%D...Dominican Republic
22%
3%EEcuador
22%
33%EEgypt
22%
15%EEstonia
22%
34%EEthiopia
22%
2%FFiji
22%
8%FFinland
22%
14%GGambia
22%
9%HHonduras
22%
25%HHungary
22%
10%IIceland
22%
8%IIreland
22%
5%I/C...Ivory Coast
22%
6%JJamaica
22%
3%JJapan
22%
4%JJordan
22%
18%KKazakhstan
22%
9%KKenya
22%
8%KKosovo
22%
17%LLatvia
22%
17%LLithuania
22%
4%NNetherlands
22%
7%N...New Zealand
22%
22%NNigeria
22%
15%N...North Macedonia
22%
2%OOman
22%
1%PPanama
22%
16%PPoland
22%
7%PPortugal
22%
4%QQatar
22%
15%RRomania
22%
4%RRussia
22%
31%RRwanda
22%
9%S...Solomon Islands
22%
4%S...South Korea
22%
5%TTanzania
22%
7%T/E...Timor-Leste
22%
8%T...Trinidad and Tobago
22%
9%UUganda
22%
21%UUkraine
22%
5%U...United Arab Emirates
22%
5%U...United States
22%
12%UUzbekistan
22%
4%VVanuatu
22%
3%VVietnam
22%
10%ZZambia
22%
11%AAngola
11%
6%AAruba
11%
5%BBahamas
11%
1%BBahrain
11%
12%BBarbados
11%
7%BBelize
11%
7%BBenin
11%
4%BBermuda
11%
4%BBhutan
11%
3%BBolivia
11%
10%BBotswana
11%
5%BBrazil
11%
1%BBrunei
11%
3%B...Burkina Faso
11%
33%BBurundi
11%
3%CCambodia
11%
7%CCameroon
11%
4%CCanada
11%
6%C...Cayman Islands
11%
11%CChile
11%
0.7%CChina
11%
13%CColombia
11%
21%CComoros
11%
4%C...Costa Rica
11%
11%CCroatia
11%
6%CCyprus
11%
15%CCzechia
11%
6%E...El Salvador
11%
3%E...Equatorial Guinea
11%
5%EEritrea
11%
6%EEswatini
11%
10%F...Faroe Islands
11%
6%FFrance
11%
5%GGabon
11%
5%GGeorgia
11%
7%GGermany
11%
5%GGreece
11%
9%GGuatemala
11%
8%GGuinea
11%
10%G...Guinea-Bissau
11%
2%H...Hong Kong
11%
5%IIsrael
11%
8%IItaly
11%
3%KKuwait
11%
13%KKyrgyzstan
11%
41%LLaos
11%
7%LLesotho
11%
9%LLiberia
11%
4%LLibya
11%
3%LLiechtenstein
11%
4%LLuxembourg
11%
1%MMacau
11%
12%MMadagascar
11%
27%MMalawi
11%
4%MMalaysia
11%
4%MMaldives
11%
6%MMali
11%
9%MMauritius
11%
7%MMexico
11%
22%MMoldova
11%
12%MMongolia
11%
11%MMontenegro
11%
10%MMorocco
11%
11%MMozambique
11%
20%MMyanmar
11%
7%NNamibia
11%
7%NNepal
11%
3%N...New Caledonia
11%
10%NNicaragua
11%
1%NNiger
11%
7%NNorway
11%
35%PPakistan
11%
4%
P
Palestine
11%
3%P...Papua New Guinea
11%
6%PParaguay
11%
8%PPeru
11%
8%PPhilippines
11%
6%P...Puerto Rico
11%
3%S...Saudi Arabia
11%
43%S...Sierra Leone
11%
15%SSlovakia
11%
11%SSlovenia
11%
7%S...South Africa
11%
1%S...South Sudan
11%
11%SSweden
11%
2%TTaiwan
11%
5%TTajikistan
11%
3%TThailand
11%
5%TTogo
11%
10%TTunisia
11%
18%TTurkmenistan
11%
7%UUruguay
11%
9%BBangladesh
0%
6%BBelarus
0%
7%BBelgium
0%
9%CChad
0%
7%GGuyana
0%
6%IIndia
0%
5%IIndonesia
0%
6%IIraq
0%
7%MMalta
0%
10%MMauritania
0%
24%S...Sao Tome and Principe
0%
9%SSenegal
0%
16%SSerbia
0%
1%SSeychelles
0%
6%SSingapore
0%
6%SSomalia
0%
3%SSpain
0%
3%SSwitzerland
0%

Score Distribution

Percentile by Number Answered

Percent of People with Each Score

Your Score History

You have not taken this quiz